Online
Catalog
Normal view MARC view

Entry Nombre de reunión

Number of records used in: 7

001 - NÚMERO DE CONTROL

  • campo de control: 74299

003 - IDENTIFICADOR DEL NÚMERO DE CONTROL

  • campo de control: OSt

005 - FECHA Y HORA DE LA ÚLTIMA TRANSACCIÓN

  • campo de control: 20200615040247.0

008 - DATOS DE LONGITUD FIJA

  • campo de control de longitud fija: 200615|| aca||aabn | a|a d

040 ## - FUENTE DE LA CATALOGACIÓN

  • Centro catalogador/agencia de origen: OSt
  • Centro/agencia transcriptor: OSt

111 ## - ENCABEZAMIENTO--NOMBRE DE CONGRESO/REUNIÓN

  • Nombre de congreso/reunión o jurisdicción como elemento de entrada: Feria Internacional del Libro
  • Número del congreso/reunión o número de parte o sección: (4º :
  • Fecha del congreso/reunión: 2001: 23 abril al 6 mayo
  • Sede del congreso/Lugar de la reunión: Santo Domingo, República Dominicana)

670 ## - FUENTE DE DATOS ENCONTRADOS

  • Cita de la fuente: Work cat.: (OSt)45774: Feria Internacional del Libro (4º : 2001: 23 abril al 6 mayo Santo Domingo, República Dominicana), IV Feria Internacional del Libro Santo Domingo 2001 :, 2001.

Powered by Koha